| 000 | 01238nam a2200325 a 4500 | ||
|---|---|---|---|
| 001 | ebr10521048 | ||
| 003 | CaPaEBR | ||
| 006 | m u | ||
| 007 | cr cn||||||||| | ||
| 008 | 000515s2001 nyu sb 001 0 eng d | ||
| 010 | _z 00040641 | ||
| 020 | _z0195135091 (alk. paper) | ||
| 020 | _z9780195156317 | ||
| 020 | _z9780199760701 (e-book) | ||
| 040 |
_aCaPaEBR _cCaPaEBR |
||
| 035 | _a(OCoLC)774295749 | ||
| 050 | 1 | 4 |
_aBS2851 _b.J46 2001eb |
| 082 | 0 | 4 |
_a229/.8 _221 |
| 100 | 1 |
_aJenkins, Philip, _d1952- |
|
| 245 | 1 | 0 |
_aHidden Gospels _h[electronic resource] : _bhow the search for Jesus lost its way / _cPhilip Jenkins. |
| 260 |
_aNew York : _bOxford University Press, _c2001. |
||
| 300 | _a260 p. | ||
| 504 | _aIncludes bibliographical references (p. 217-248) and index. | ||
| 533 |
_aElectronic reproduction. _bPalo Alto, Calif. : _cebrary, _d2012. _nAvailable via World Wide Web. _nAccess may be limited to ebrary affiliated libraries. |
||
| 630 | 0 | 0 | _aApocryphal gospels. |
| 650 | 0 |
_aChristianity _xOrigin. |
|
| 655 | 7 |
_aElectronic books. _2local |
|
| 710 | 2 | _aebrary, Inc. | |
| 856 | 4 | 0 |
_uhttp://site.ebrary.com/lib/rucke/Doc?id=10521048 _zAn electronic book accessible through the World Wide Web; click to view |
| 999 |
_c237874 _d237874 |
||